| 000 | 00562nam a2200181 i 4500 | ||
|---|---|---|---|
| 001 | 145545 | ||
| 003 | ES-MaACL | ||
| 005 | 20230906201244.0 | ||
| 007 | t| | ||
| 008 | 071015s1966 sp ||||1| spa d | ||
| 080 | _a657.47 | ||
| 100 | 1 |
_aVentosa Rosich, José María. _9113914 |
|
| 245 | 1 | 0 |
_aContabilidad analítica de explotación _b: (costos) / _cJosé María Ventosa Rosich. |
| 260 |
_aBarcelona : _bHispano Europea, _c[1966] |
||
| 300 |
_a430 p. : _bil. ; _c22 cm. |
||
| 650 | 1 | 4 |
_aContabilidad de costes. _911311 |
| 852 |
_aES-MaACL _jC-31242 _bR.61388 |
||
| 999 |
_c145545 _d145545 |
||